[Event "Tournament of Champions"]
[Site "Winnipeg CAN"]
[Date "2010.11.23"]
[Round "4.6"]
[White "Green, Jim"]
[Black "Swift, Ryne"]
[Result "1/2-1/2"]
[WhiteElo "1822"]
[BlackElo "1820"]
[PlyCount "73"]
[EventDate "2010.11.02"]
[EventType "swiss"]
[EventRounds "6"]
[EventCountry "CAN"]

1. e4 e5 2. Nf3 Nc6 3. Bb5 a6 4. Ba4 Nf6 5. O-O b5 6. Bb3 d6 7. Re1 Be7 8. h3
O-O 9. c3 Bb7 10. d3 Na5 11. Bc2 c5 12. Nbd2 Nc6 13. Nf1 Re8 14. Ng3 Bc8 15.
Bg5 h6 16. Be3 Bf8 17. d4 Bd7 18. Qe2 Qc7 19. Rac1 Rac8 20. dxc5 dxc5 21. Red1
Rcd8 22. Rd2 Be6 23. b3 Rxd2 24. Bxd2 Rd8 25. Rd1 Be7 26. Be1 Rxd1 27. Qxd1 Qd6
28. Qe2 c4 29. b4 Qd8 30. a4 Qd7 31. Nh2 Kf8 32. Nhf1 Bd6 33. Ne3 Ne7 34. a5
Bc7 35. Qf1 Bb8 36. Qe2 Bc7 37. Qf1 1/2-1/2

[Event "Tournament of Champions"]
[Site "Winnipeg CAN"]
[Date "2010.11.23"]
[Round "4.6"]
[White "Kernetsky, Myron"]
[Black "Kaptsan, Aron"]
[Result "1-0"]
[WhiteElo "2006"]
[BlackElo "2040"]
[PlyCount "59"]
[EventDate "2010.11.02"]
[EventType "swiss"]
[EventRounds "6"]
[EventCountry "CAN"]

1. d4 Nf6 2. c4 e6 3. Nf3 d5 4. Nc3 a6 5. cxd5 exd5 6. Bf4 c5 7. e3 Nc6 8. Be2
Qb6 9. a3 cxd4 10. exd4 Be7 11. O-O O-O 12. b4 Bf5 13. Na4 Qa7 14. Nc5 Rfd8 15.
Rc1 Rac8 16. h3 Ne4 17. Qb3 Bf6 18. Rfd1 h6 19. Bf1 Ng5 20. Nxg5 hxg5 21. Be3
b5 22. Be2 Qb6 23. Bf3 Be6 24. Qd3 Ne7 25. Qd2 Nf5 26. Bxg5 Nxd4 27. Bxf6 Nxf3+
28. gxf3 gxf6 29. Qh6 Bf5 30. Rd4 1-0

[Event "Tournament of Champions"]
[Site "Winnipeg CAN"]
[Date "2010.11.23"]
[Round "4.6"]
[White "Lauritson, James"]
[Black "Schulz, Waldemar"]
[Result "1/2-1/2"]
[WhiteElo "1978"]
[BlackElo "2075"]
[PlyCount "72"]
[EventDate "2010.11.02"]
[EventType "swiss"]
[EventRounds "6"]
[EventCountry "CAN"]

1. d4 Nf6 2. c4 e6 3. Nc3 d5 4. cxd5 exd5 5. Bg5 Be7 6. e3 c6 7. Bd3 Nbd7 8.
Nge2 O-O 9. Qc2 Re8 10. O-O Nf8 11. Rad1 Bg4 12. f3 Bh5 13. Ng3 Bg6 14. Nf5
Bxf5 15. Bxf5 Nh5 16. Bxe7 Qxe7 17. Rfe1 g6 18. Bd3 Ne6 19. a3 Qf6 20. b4 a6
21. Na4 Re7 22. Nc5 Rae8 23. Qf2 Nhg7 24. Rb1 Nf5 25. Bxf5 Qxf5 26. Qd2 Nxc5
27. bxc5 Rxe3 28. Rxe3 Qxb1+ 29. Kf2 Rxe3 30. Qxe3 Qc2+ 31. Kg3 Qf5 32. Qe8+
Kg7 33. Qe7 g5 34. Qe3 Kg6 35. h3 Qd7 36. Qe5 f6 1/2-1/2

[Event "Tournament of Champions"]
[Site "Winnipeg CAN"]
[Date "2010.11.23"]
[Round "4.6"]
[White "Lipnowski, Samuel"]
[Black "Zaczek, Jonathan"]
[Result "1/2-1/2"]
[WhiteElo "2262"]
[BlackElo "2272"]
[PlyCount "31"]
[EventDate "2010.11.02"]
[EventType "swiss"]
[EventRounds "6"]
[EventCountry "CAN"]

1. e4 c5 2. Nf3 d6 3. d4 cxd4 4. Nxd4 Nf6 5. Nc3 a6 6. f3 e6 7. Be3 b5 8. g4 h6
9. Qd2 Nbd7 10. O-O-O Bb7 11. h4 Nb6 12. Bd3 Nfd7 13. Qf2 Rc8 14. Nce2 Qc7 15.
Kb1 Nc5 16. Ng3 1/2-1/2

[Event "Tournament of Champions"]
[Site "Winnipeg CAN"]
[Date "2010.11.23"]
[Round "4.6"]
[White "Melamedoff, Gustavo"]
[Black "Pottinger, Carl"]
[Result "1-0"]
[WhiteElo "2051"]
[BlackElo "1808"]
[PlyCount "64"]
[EventDate "2010.11.02"]
[EventType "swiss"]
[EventRounds "6"]
[EventCountry "CAN"]

1. Nf3 Nf6 2. b3 g6 3. Bb2 Bg7 4. e4 d6 5. e5 dxe5 6. Nxe5 O-O 7. d4 c5 8. Na3
Qa5+ 9. c3 cxd4 10. Nac4 Qc7 11. cxd4 b5 12. Nd2 Qa5 13. Qf3 Bh6 14. Rd1 Qa6
15. a4 Bb7 16. Qh3 Bxd2+ 17. Rxd2 Ne4 18. Bxb5 Qa5 19. Nc4 Qb4 20. Ba3 Qc3 21.
Qxc3 Nxc3 22. Bxe7 Nxb5 23. Bxf8 Kxf8 24. axb5 Bxg2 25. Rg1 Bd5 26. Ra2 Nd7 27.
Ra6 Bb7 28. Rd6 Ke7 29. Kd2 Rd8 30. Re1+ Kf8 31. Na5 Bc8 32. Nc6 Re8 1-0

[Event "Tournament of Champions"]
[Site "Winnipeg CAN"]
[Date "2010.11.30"]
[Round "5.6"]
[White "Kaptsan, Aron"]
[Black "Green, Jim"]
[Result "1/2-1/2"]
[WhiteElo "2040"]
[BlackElo "1822"]
[PlyCount "118"]
[EventDate "2010.11.02"]
[EventType "swiss"]
[EventRounds "6"]
[EventCountry "CAN"]

1. e4 d6 2. d4 Nf6 3. Nc3 e5 4. dxe5 dxe5 5. Qxd8+ Kxd8 6. Bg5 c6 7. f4 Bd6 8.
Nf3 Nbd7 9. O-O-O Ke7 10. Bc4 Bc7 11. Rhf1 h6 12. Bxf6+ gxf6 13. Nh4 Nb6 14.
Bb3 Bg4 15. Nf5+ Bxf5 16. exf5 Rhd8 17. fxe5 Bxe5 18. Rxd8 Rxd8 19. Ne4 Nd7 20.
c3 b5 21. h3 a5 22. Bd1 a4 23. Kc2 Nb6 24. Rf3 Nd5 25. g3 Nb6 26. Be2 Rd7 27.
a3 Rd8 28. Nd2 Rg8 29. g4 Nc8 30. c4 Nd6 31. cxb5 cxb5 32. Rd3 Rc8+ 33. Kb1 Rc5
34. Bf3 Bf4 35. Ne4 Rc1+ 36. Ka2 Nxe4 37. Bxe4 Rc5 38. Rd5 Rxd5 39. Bxd5 Kd6
40. Bxf7 Kc5 41. Be8 Kb6 42. b3 axb3+ 43. Kxb3 Kc5 44. Bd7 Bc1 45. Bc8 Be3 46.
Bb7 Bc1 47. Bf3 Be3 48. Be2 Bc1 49. Bxb5 Kxb5 50. a4+ Ka5 51. Kc4 Bg5 52. Kd5
Kxa4 53. Ke6 Kb5 54. Kf7 Kc6 55. Kg6 Kd6 56. Kh5 Ke5 57. h4 Be3 58. Kg6 Bd2 59.
Kh5 Be3 1/2-1/2

[Event "Tournament of Champions"]
[Site "Winnipeg CAN"]
[Date "2010.11.30"]
[Round "5.6"]
[White "Lipnowski, Samuel"]
[Black "Melamedoff, Gustavo"]
[Result "1-0"]
[WhiteElo "2262"]
[BlackElo "2051"]
[PlyCount "57"]
[EventDate "2010.11.02"]
[EventType "swiss"]
[EventRounds "6"]
[EventCountry "CAN"]

1. e4 e6 2. d4 d5 3. Nc3 Bb4 4. e5 b6 5. Qg4 Bf8 6. Nf3 Ba6 7. Bxa6 Nxa6 8. O-O
h5 9. Qf4 Nh6 10. Qd2 Nf5 11. Qe2 Nb8 12. Nd1 c5 13. c3 Nc6 14. Bg5 Be7 15.
Bxe7 Qxe7 16. Ne3 g5 17. Nxf5 exf5 18. dxc5 bxc5 19. Qd2 O-O-O 20. Qxg5 Qxg5
21. Nxg5 Nxe5 22. f4 Rdg8 23. Rad1 Nc4 24. Rxd5 Ne3 25. Rxc5+ Kb8 26. Re1 Re8
27. Nxf7 Rh7 28. Nd6 Rd8 29. Rb5+ 1-0

[Event "Tournament of Champions"]
[Site "Winnipeg CAN"]
[Date "2010.11.30"]
[Round "5.6"]
[White "Pottinger, Carl"]
[Black "Lauritson, Jim"]
[Result "1-0"]
[WhiteElo "1808"]
[BlackElo "1978"]
[PlyCount "75"]
[EventDate "2010.11.02"]
[EventType "swiss"]
[EventRounds "6"]
[EventCountry "CAN"]

1. e4 c5 2. Nf3 e6 3. d4 cxd4 4. Nxd4 Nc6 5. Nc3 Qc7 6. Be3 Nf6 7. Bd3 a6 8.
O-O Be7 9. h3 d6 10. Qe2 O-O 11. Nxc6 Qxc6 12. f4 e5 13. g4 exf4 14. Rxf4 Be6
15. g5 Nd7 16. Qh5 g6 17. Qh6 Ne5 18. Raf1 f5 19. gxf6 Bxf6 20. Rxf6 Rxf6 21.
Rxf6 Qd7 22. Bf1 Re8 23. Bd4 Qd8 24. Bxe5 dxe5 25. Rf2 Qb6 26. b3 Qd4 27. Nd5
Bxd5 28. exd5 e4 29. Qf4 Qg7 30. d6 b5 31. c4 e3 32. Re2 Qa7 33. Bg2 Kg7 34.
Be4 Qd4 35. Qxe3 Rxe4 36. Qxd4+ Rxd4 37. c5 b4 38. Re7+ 1-0

[Event "Tournament of Champions"]
[Site "Winnipeg CAN"]
[Date "2010.12.07"]
[Round "6.6"]
[White "Green, Jim"]
[Black "Lipnowski, Samuel"]
[Result "0-1"]
[WhiteElo "1822"]
[BlackElo "2262"]
[PlyCount "80"]
[EventDate "2010.11.02"]
[EventType "swiss"]
[EventRounds "6"]
[EventCountry "CAN"]

1. e4 c5 2. Nf3 d6 3. Bb5+ Bd7 4. Bxd7+ Qxd7 5. O-O Nf6 6. Qe2 Nc6 7. Rd1 e6 8.
c3 Be7 9. d4 cxd4 10. cxd4 d5 11. e5 Ne4 12. Nbd2 Nxd2 13. Bxd2 O-O 14. a3 Rac8
15. Rac1 a6 16. Rc3 Na7 17. Rdc1 Nb5 18. Rxc8 Rxc8 19. Rxc8+ Qxc8 20. a4 Na7
21. Qd1 Qc4 22. Bc3 Nc6 23. Nd2 Qd3 24. Qb1 Qe2 25. Qf1 Nxd4 26. Bxd4 Qxd2 27.
Bc3 Qc2 28. a5 Bc5 29. g3 h6 30. Qe1 d4 31. Qd2 Qb1+ 32. Qe1 Qc2 33. Qd2 Qe4
34. Bb4 Qxe5 35. Bxc5 Qxc5 36. h3 e5 37. Kh2 Qd5 38. Qc2 d3 39. Qc8+ Kh7 40.
Qf5+ g6 0-1

[Event "Tournament of Champions"]
[Site "Winnipeg CAN"]
[Date "2010.12.07"]
[Round "6.6"]
[White "Lauritson, Jim"]
[Black "Kaptsan, Aron"]
[Result "1/2-1/2"]
[WhiteElo "1878"]
[BlackElo "2004"]
[PlyCount "94"]
[EventDate "2010.11.02"]
[EventType "swiss"]
[EventRounds "6"]
[EventCountry "CAN"]

1. d4 d5 2. c4 e6 3. Nc3 Nf6 4. cxd5 exd5 5. Bg5 Be7 6. Nf3 c6 7. e3 Bf5 8. Qb3
Qb6 9. Be2 Qxb3 10. axb3 Nbd7 11. O-O O-O 12. Rfc1 h6 13. Bh4 Rfe8 14. h3 Bd6
15. g4 Bh7 16. Kg2 Ne4 17. Nxe4 Bxe4 18. Bg3 Bb4 19. Kg1 Nf6 20. Ra4 a5 21. Ne5
Bh7 22. Nd3 Bxd3 23. Bxd3 Ne4 24. Bxe4 dxe4 25. Bc7 Ra6 26. Rca1 Rea8 27. Kf1
Kf8 28. Ke2 Ke7 29. Rd1 Kd7 30. Bg3 Ke6 31. Raa1 a4 32. bxa4 Rxa4 33. Rab1 Ra2
34. Rdc1 R8a3 35. Rc2 Rb3 36. Kd1 Kd5 37. Be5 g6 38. Bf4 h5 39. gxh5 gxh5 40.
Ke2 Ba3 41. Rg1 f6 42. Rg6 Rbxb2 43. Rxb2 Rxb2+ 44. Kf1 b5 45. Rxf6 b4 46. Rd6+
Kc4 47. Rxc6+ Kd3 1/2-1/2

[Event "Tournament of Champions"]
[Site "Winnipeg CAN"]
[Date "2010.12.07"]
[Round "6.6"]
[White "Melamedoff, Gustavo"]
[Black "Boron, Anthony"]
[Result "1-0"]
[WhiteElo "2051"]
[BlackElo "2014"]
[PlyCount "57"]
[EventDate "2010.11.02"]
[EventType "swiss"]
[EventRounds "6"]
[EventCountry "CAN"]

1. Nf3 d5 2. b3 Nf6 3. g3 g6 4. Bg2 Bg7 5. Bb2 O-O 6. O-O c5 7. c4 dxc4 8. bxc4
Nc6 9. Nc3 Bf5 10. Na4 Qd6 11. d3 b6 12. Nc3 Qd7 13. Nd5 Bh3 14. e4 Bxg2 15.
Kxg2 Rad8 16. Qe2 Nxd5 17. exd5 Bxb2 18. dxc6 Qxc6 19. Qxb2 Rxd3 20. Qe2 Rc3
21. Rfe1 e6 22. Qe4 Qa4 23. Ne5 Rd8 24. Qf4 f5 25. Qg5 Qe8 26. Rad1 Rd4 27. Qf6
Rxd1 28. Rxd1 f4 29. Rd8 1-0

[Event "Tournament of Champions"]
[Site "Winnipeg CAN"]
[Date "2010.12.07"]
[Round "6.6"]
[White "Pottinger, Carl"]
[Black "Zaczek, Jonathan"]
[Result "0-1"]
[WhiteElo "1808"]
[BlackElo "2272"]
[PlyCount "86"]
[EventDate "2010.11.02"]
[EventType "swiss"]
[EventRounds "6"]
[EventCountry "CAN"]

1. e4 c5 2. Nf3 d6 3. d4 cxd4 4. Nxd4 Nf6 5. Nc3 a6 6. Bg5 e6 7. f4 Qb6 8. Nb3
Nc6 9. Bxf6 gxf6 10. Qd2 Qc7 11. O-O-O h5 12. Kb1 Rb8 13. Bd3 b5 14. Qf2 b4 15.
Ne2 a5 16. Ned4 Nxd4 17. Qxd4 Be7 18. f5 a4 19. Nd2 e5 20. Qe3 a3 21. Bc4 d5
22. Bxd5 Bc5 23. Qb3 Bd4 24. Nc4 axb2 25. Bxf7+ Kf8 26. Bg6 Ba6 27. Nd6 Rg8 28.
Qe6 Qe7 29. Qb3 Rg7 30. Nc4 Qc7 31. Ne3 Qc5 32. Rxd4 exd4 33. Nd5 Bc4 34. Qxb2
Bxd5 35. exd5 Qxd5 36. Re1 Re7 37. Rxe7 Kxe7 38. Bxh5 Kd6 39. Bf3 Qc4 40. Qc1
Re8 41. Qf4+ Re5 42. Qc1 Qc3 43. g4 Qxf3 0-1

[Event "Tournament of Champions"]
[Site "Winnipeg CAN"]
[Date "2010.12.07"]
[Round "6.6"]
[White "Schulz, Waldemar"]
[Black "Klokow, John"]
[Result "1-0"]
[WhiteElo "2075"]
[BlackElo "1820"]
[PlyCount "68"]
[EventDate "2010.11.02"]
[EventType "swiss"]
[EventRounds "6"]
[EventCountry "CAN"]

1. d4 d5 2. Nf3 Nf6 3. c4 c6 4. g3 dxc4 5. Bg2 Bf5 6. O-O e6 7. Ne5 Be7 8. Nc3
O-O 9. a4 Nbd7 10. Nxc4 Nb6 11. Ne5 Nbd5 12. Re1 Nxc3 13. bxc3 Ne4 14. Qb3 Nd6
15. a5 f6 16. Nd3 Nb5 17. a6 Qd7 18. e4 Bg6 19. Bh3 f5 20. Ne5 Qc7 21. Qxe6+
Bf7 22. Nxf7 Rxf7 23. Bxf5 Raf8 24. Qb3 Kh8 25. Be3 g6 26. Be6 Rf3 27. Bg4 R3f7
28. Bh6 Rxf2 29. Bxf8 Rxf8 30. axb7 Rb8 31. Bc8 Nd6 32. Rxa7 Nxc8 33. bxc8=Q+
Qxc8 34. Qf7 Rb7 1-0

[Event "Tournoi du samedi"]
[Site "Quebec CAN"]
[Date "2010.02.20"]
[Round "2"]
[White "Cournoyer, Dominic"]
[Black "Perron, Jonathan"]
[Result "1-0"]
[WhiteElo "1963"]
[BlackElo "1939"]
[PlyCount "89"]
[EventDate "2010.02.13"]
[EventType "swiss"]
[EventRounds "5"]
[EventCountry "CAN"]

1. c4 g6 2. Nc3 Bg7 3. Nf3 c5 4. d4 cxd4 5. Nxd4 Nc6 6. Nxc6 bxc6 7. g3 Bxc3+
8. bxc3 Nf6 9. Bh6 Qa5 10. Qd3 Ng4 11. Bg7 Rg8 12. Bd4 c5 13. Be3 Bb7 14. f3
Ne5 15. Qc2 Nxc4 16. Bc1 Bc6 17. Bg2 Rb8 18. O-O h5 19. Bf4 d6 20. Rab1 Rxb1
21. Qxb1 Qb6 22. Qd3 Ne5 23. Qc2 c4+ 24. Kh1 Qc5 25. Rb1 Kd7 26. Qd2 Kc7 27.
Qb2 g5 28. Bd2 h4 29. g4 Qf2 30. Be1 Qe3 31. h3 Ng6 32. Bd2 Qc5 33. Qc1 f6 34.
Be3 Qa5 35. f4 Bxg2+ 36. Kxg2 gxf4 37. Bxf4 Nxf4+ 38. Qxf4 Qxa2 39. Qe4 d5 40.
Qxe7+ Kc6 41. Qxf6+ Kc5 42. Qe7+ Kc6 43. Rb7 Qa5 44. Qd7+ Kc5 45. Rc7+ 1-0

[Event "Tournoi du samedi"]
[Site "Quebec CAN"]
[Date "2010.02.20"]
[Round "2"]
[White "Lemire-Paquin, Alexandre"]
[Black "Cummins, Paul"]
[Result "1/2-1/2"]
[WhiteElo "2080"]
[BlackElo "1787"]
[PlyCount "80"]
[EventDate "2010.02.13"]
[EventType "swiss"]
[EventRounds "5"]
[EventCountry "CAN"]

1. e4 c5 2. Nf3 Nc6 3. Bb5 e6 4. Bxc6 bxc6 5. Qe2 Nf6 6. O-O Be7 7. d3 Qc7 8.
c4 e5 9. Nc3 O-O 10. Kh1 d6 11. Rg1 Qd7 12. Nd2 Ne8 13. g4 Bg5 14. Nf1 Bxc1 15.
Rxc1 Nc7 16. Qe3 Ne6 17. Ne2 Qe7 18. Qg3 f6 19. Ne3 Nd4 20. Nxd4 cxd4 21. Nf5
Bxf5 22. gxf5 Rf7 23. Qh4 Qb7 24. Rc2 d5 25. cxd5 cxd5 26. f3 Qa6 27. exd5 Qxd3
28. Qe4 Qb5 29. f4 exf4 30. Qxd4 Rd8 31. Rd2 f3 32. Rgd1 Re7 33. Qf2 Re2 34.
Qxf3 Rxd2 35. Rxd2 Qc4 36. Qd3 Qf4 37. d6 h6 38. Rd1 h5 39. Qd5+ Kh7 40. d7
Rxd7 1/2-1/2

[Event "Tournoi du samedi"]
[Site "Quebec CAN"]
[Date "2010.02.27"]
[Round "3"]
[White "Gaudreau, Eric"]
[Black "Cummins, Paul"]
[Result "0-1"]
[WhiteElo "1969"]
[BlackElo "1787"]
[PlyCount "50"]
[EventDate "2010.02.13"]
[EventType "swiss"]
[EventRounds "5"]
[EventCountry "CAN"]

1. Nf3 Nc6 2. c4 e5 3. Nc3 Nf6 4. g3 d6 5. Bg2 Be6 6. d3 h6 7. O-O Qd7 8. a3 a5
9. Rb1 d5 10. cxd5 Nxd5 11. Nxd5 Bxd5 12. Qa4 Bd6 13. b4 e4 14. Nd2 O-O 15. b5
Ne5 16. dxe4 Be6 17. Qd4 b6 18. Bb2 f6 19. Rfd1 Qxb5 20. h3 Qxe2 21. Re1 Qh5
22. h4 Bc5 23. Qc3 Rad8 24. Nb3 Rd3 25. Qc2 Bxb3 0-1

[Event "Tournoi du samedi"]
[Site "Quebec CAN"]
[Date "2010.02.27"]
[Round "3"]
[White "Lemire-Paquin, Alexandre"]
[Black "Cournoyer, Dominic"]
[Result "0-1"]
[WhiteElo "2080"]
[BlackElo "1963"]
[PlyCount "52"]
[EventDate "2010.02.13"]
[EventType "swiss"]
[EventRounds "5"]
[EventCountry "CAN"]

1. e4 d5 2. exd5 Nf6 3. d4 Nxd5 4. Nf3 g6 5. c4 Nf6 6. Nc3 Bg7 7. Be2 O-O 8.
Be3 Nc6 9. h3 Re8 10. O-O Bf5 11. d5 Nb4 12. g4 Bc8 13. a3 Na6 14. Rc1 e6 15.
b4 exd5 16. cxd5 Qd6 17. Qd3 h5 18. Nh2 hxg4 19. hxg4 Bd7 20. Rfd1 Re7 21. Nb5
Bxb5 22. Qxb5 Rxe3 23. fxe3 Qg3+ 24. Kh1 Ne4 25. Rf1 Be5 26. Nf3 Kg7 0-1

[Event "Tournoi du samedi"]
[Site "Quebec CAN"]
[Date "2010.03.06"]
[Round "4"]
[White "Cummins, Paul"]
[Black "Cournoyer, Dominic"]
[Result "0-1"]
[WhiteElo "1787"]
[BlackElo "1963"]
[PlyCount "124"]
[EventDate "2010.02.13"]
[EventType "swiss"]
[EventRounds "5"]
[EventCountry "CAN"]

1. b3 Nf6 2. Bb2 d5 3. e3 g6 4. Nf3 Bg7 5. d4 O-O 6. Nbd2 Bf5 7. Be2 Nc6 8. a3
a6 9. c4 Na7 10. O-O c6 11. Re1 Nc8 12. Nf1 Nd6 13. Ng3 Be6 14. Ng5 Bd7 15. Bd3
h6 16. Nf3 Rc8 17. Qc2 c5 18. dxc5 Rxc5 19. Bd4 Rc8 20. c5 Nb5 21. Be5 b6 22.
b4 bxc5 23. bxc5 Qa5 24. a4 Nd6 25. Qe2 Qxc5 26. Bd4 Qa5 27. Bxa6 Ra8 28. Bd3
Rfb8 29. Ne5 Be8 30. Rec1 Nfe4 31. Nxe4 dxe4 32. Bb5 Nxb5 33. axb5 Qxb5 34.
Qxb5 Bxb5 35. Rxa8 Rxa8 36. h3 Bf6 37. Rb1 Bd3 38. Rc1 Kg7 39. Kh2 Ra5 40. Nc6
Ra2 41. Bxf6+ Kxf6 42. Kg3 Rc2 43. Rxc2 Bxc2 44. h4 e5 45. f4 exf4+ 46. Kxf4
g5+ 47. hxg5+ hxg5+ 48. Kg3 Bd1 49. Kf2 Ba4 50. Nd4 Ke5 51. g3 f5 52. Ne2 Bd1
53. Ng1 Bg4 54. Ke1 Kd5 55. Kd2 Kc6 56. Kc3 Kc5 57. Kd2 Kb4 58. Kc2 Kc4 59. Kd2
Kb3 60. Ke1 Kc3 61. Ne2+ Bxe2 62. Kxe2 Kc2 0-1

[Event "Tournoi du samedi"]
[Site "Quebec CAN"]
[Date "2010.03.06"]
[Round "4"]
[White "Perron, Jonathan"]
[Black "Lemire-Paquin, Alexandre"]
[Result "0-1"]
[WhiteElo "1939"]
[BlackElo "2080"]
[PlyCount "66"]
[EventDate "2010.02.13"]
[EventType "swiss"]
[EventRounds "5"]
[EventCountry "CAN"]

1. e4 c5 2. Nf3 d6 3. Bb5+ Bd7 4. Bxd7+ Qxd7 5. c4 Nc6 6. O-O g6 7. d4 cxd4 8.
Nxd4 Bg7 9. Be3 Nf6 10. Nc3 Ng4 11. Nc2 Nxe3 12. Nxe3 b6 13. Rc1 O-O 14. f4 Bd4
15. Rf3 f5 16. Qd3 e5 17. Kh1 Nb4 18. Qd2 Bxc3 19. bxc3 fxe4 20. Rff1 Nd3 21.
fxe5 Nxc1 22. Rxc1 Qe6 23. exd6 Rad8 24. Rd1 Rd7 25. Qd4 Rfd8 26. c5 bxc5 27.
Qxc5 Rxd6 28. Rxd6 Qxd6 29. Qxa7 Qf4 30. h3 Rb8 31. Qd7 Rb1+ 32. Nd1 Qf1+ 33.
Kh2 Rxd1 0-1

[Event "Transcontinental 2-A"]
[Site "Montreal CAN"]
[Date "2010.02.05"]
[Round "1"]
[White "Dumont, Felix"]
[Black "Zhang, Zhiyuan"]
[Result "1-0"]
[WhiteElo "1905"]
[BlackElo "1905"]
[PlyCount "93"]
[EventDate "2010.02.05"]
[EventType "tourn"]
[EventRounds "5"]
[EventCountry "CAN"]

1. e4 e6 2. d4 d5 3. Nc3 Nf6 4. e5 Nfd7 5. f4 c5 6. Nf3 a6 7. Be3 Nc6 8. Qd2 b5
9. a3 Qb6 10. g4 h5 11. Bh3 cxd4 12. Nxd4 Bc5 13. Nce2 hxg4 14. Bxg4 Rh4 15. h3
a5 16. Bf2 Rh8 17. Rh2 Nxd4 18. Nxd4 Ba6 19. b4 axb4 20. axb4 Bxd4 21. Bxd4 Qc7
22. Qe3 g6 23. Rf2 Bb7 24. Rxa8+ Bxa8 25. Qg3 Qc4 26. c3 Qb3 27. Qd3 Bc6 28.
Bxe6 fxe6 29. Qxg6+ Kd8 30. Qxe6 Qb1+ 31. Kd2 Qb2+ 32. Ke3 Qc1+ 33. Kf3 Qh1+
34. Kg3 Qg1+ 35. Rg2 Qe1+ 36. Kh2 Kc7 37. Ra2 Qe4 38. Qd6+ Kd8 39. e6 Rxh3+ 40.
Kxh3 Qf3+ 41. Kh4 Qh1+ 42. Kg5 Qh7 43. Bf6+ Kc8 44. exd7+ Kb7 45. d8=N+ Kc8 46.
Qxc6+ Qc7 47. Ra8# 1-0

[Event "Transcontinental 2-A"]
[Site "Montreal CAN"]
[Date "2010.02.05"]
[Round "1"]
[White "Luo, Zhao Yang"]
[Black "Lepine, Cedric"]
[Result "1-0"]
[WhiteElo "1973"]
[BlackElo "1834"]
[PlyCount "71"]
[EventDate "2010.02.05"]
[EventType "tourn"]
[EventRounds "5"]
[EventCountry "CAN"]

1. d4 d5 2. c4 c6 3. Nf3 Nf6 4. Nc3 e6 5. Bg5 Be7 6. e3 Nbd7 7. Rc1 O-O 8. Bd3
a6 9. O-O b5 10. c5 Qc7 11. Qc2 h6 12. Bh4 Qd8 13. b4 Ne8 14. Bg3 f5 15. a4 g5
16. Ne5 Nxe5 17. Bxe5 Bf6 18. f4 Bxe5 19. fxe5 Ng7 20. Ra1 Bb7 21. g4 f4 22.
Bh7+ Kh8 23. Qg6 Qe7 24. Qxh6 Ne8 25. Bf5+ Kg8 26. Bxe6+ Rf7 27. exf4 Ng7 28.
Bxf7+ Qxf7 29. fxg5 Qd7 30. g6 Qxg4+ 31. Kh1 Qh5 32. Qxh5 Nxh5 33. Rf7 Bc8 34.
axb5 cxb5 35. Nxd5 Ng7 36. Nf6+ 1-0

[Event "Transcontinental 2-A"]
[Site "Montreal CAN"]
[Date "2010.02.06"]
[Round "2"]
[White "Lepine, Cedric"]
[Black "Zhang, Zhiyuan"]
[Result "1/2-1/2"]
[WhiteElo "1834"]
[BlackElo "1905"]
[PlyCount "56"]
[EventDate "2010.02.05"]
[EventType "tourn"]
[EventRounds "5"]
[EventCountry "CAN"]

1. Nf3 Nf6 2. b4 e6 3. a3 b6 4. Bb2 Bb7 5. e3 Be7 6. Be2 d6 7. c4 Nbd7 8. O-O
O-O 9. Nc3 Re8 10. Qc2 a6 11. Rfd1 c5 12. bxc5 Nxc5 13. Na4 Qc7 14. Nxc5 bxc5
15. d3 Bc6 16. Bc3 Rab8 17. Rdb1 h6 18. Nd2 Qd7 19. Bd1 Rec8 20. Rb2 Rxb2 21.
Qxb2 Bd8 22. Rb1 Ne8 23. Bf3 Bxf3 24. gxf3 Kf8 25. Qb7 Qxb7 26. Rxb7 Rc7 27.
Rb8 Ke7 28. Ba5 Rd7 1/2-1/2

[Event "Transcontinental 2-A"]
[Site "Montreal CAN"]
[Date "2010.02.06"]
[Round "2"]
[White "Luo, Zhao Yang"]
[Black "Gagnon, Serge"]
[Result "0-1"]
[WhiteElo "1973"]
[BlackElo "1945"]
[PlyCount "60"]
[EventDate "2010.02.05"]
[EventType "tourn"]
[EventRounds "5"]
[EventCountry "CAN"]

1. d4 d6 2. c4 e5 3. d5 f5 4. Nc3 Nf6 5. Bg5 c6 6. e4 cxd5 7. Nxd5 Be6 8. Bxf6
gxf6 9. Qh5+ Kd7 10. O-O-O fxe4 11. c5 Nc6 12. Qh4 Bxd5 13. Rxd5 f5 14. Qh5 Qf6
15. g4 Nb4 16. Bb5+ Kc7 17. Rd1 a6 18. Bc4 Qh6+ 19. Qxh6 Bxh6+ 20. Kb1 dxc5 21.
gxf5 b5 22. Be6 Rad8 23. Ne2 Nd3 24. Rhf1 Bf4 25. h3 Nb4 26. Nxf4 exf4 27. a3
Nd3 28. f3 e3 29. Rg1 e2 30. Rg7+ Kb6 0-1

[Event "Transcontinental 2-A"]
[Site "Montreal CAN"]
[Date "2010.02.06"]
[Round "3"]
[White "Dumont, Felix"]
[Black "Luo, Zhao Yang"]
[Result "1-0"]
[WhiteElo "1905"]
[BlackElo "1973"]
[PlyCount "151"]
[EventDate "2010.02.05"]
[EventType "tourn"]
[EventRounds "5"]
[EventCountry "CAN"]

1. e4 c6 2. d4 d5 3. e5 Bf5 4. Nc3 e6 5. g4 Bg6 6. Nge2 c5 7. h4 h6 8. Be3 Nc6
9. f4 cxd4 10. Nxd4 Nge7 11. Ncb5 Qa5+ 12. Qd2 Qxd2+ 13. Kxd2 Nxd4 14. Nxd4 a6
15. Bd3 Bxd3 16. cxd3 Nc6 17. Nxc6 bxc6 18. Rac1 Kd7 19. Bc5 Rb8 20. b3 Rb5 21.
Bxf8 Rxf8 22. g5 h5 23. Rc2 f6 24. gxf6 gxf6 25. Rg1 Rf7 26. Ke3 fxe5 27. fxe5
d4+ 28. Ke4 Rf5 29. Rg7+ Kd8 30. Rxc6 Rfxe5+ 31. Kxd4 Red5+ 32. Kc4 a5 33. Rd6+
Rxd6 34. Kxb5 Rxd3 35. Rg5 Rd2 36. a3 Rd3 37. Kc4 Rf3 38. Rxh5 Kc7 39. b4 a4
40. Kc5 Rxa3 41. Rh7+ Kc8 42. Ra7 Rh3 43. Rxa4 Rxh4 44. Ra7 e5 45. Re7 e4 46.
b5 Kd8 47. Re5 Kc8 48. b6 Kb8 49. Kb5 Rh7 50. Ka6 Kc8 51. Re8+ Kd7 52. b7 Kxe8
53. b8=Q+ Kf7 54. Qf4+ Kg8 55. Qxe4 Rh6+ 56. Kb5 Kg7 57. Kc5 Rf6 58. Kd5 Rg6
59. Qe7+ Kh6 60. Ke5 Rg1 61. Qf8+ Kh7 62. Qf5+ Kg8 63. Qc8+ Kh7 64. Qh3+ Kg8
65. Kf6 Rg7 66. Qe6+ Kh7 67. Kf5 Rg8 68. Qf7+ Rg7 69. Qh5+ Kg8 70. Kf6 Rg1 71.
Qd5+ Kh7 72. Qd7+ Kg8 73. Qc8+ Kh7 74. Qc7+ Kg8 75. Qb8+ Kh7 76. Qh2+ 1-0

[Event "Transcontinental 2-A"]
[Site "Montreal CAN"]
[Date "2010.02.06"]
[Round "3"]
[White "Gagnon, Serge"]
[Black "Lepine, Cedric"]
[Result "1-0"]
[WhiteElo "1945"]
[BlackElo "1834"]
[PlyCount "57"]
[EventDate "2010.02.05"]
[EventType "tourn"]
[EventRounds "5"]
[EventCountry "CAN"]

1. d4 d5 2. c4 e6 3. Nc3 Be7 4. Nf3 c6 5. e4 dxe4 6. Nxe4 Nf6 7. Bd3 Nbd7 8.
O-O Nxe4 9. Bxe4 Nf6 10. Bc2 b6 11. Bf4 Bb7 12. Qd3 Bd6 13. Be5 Qc7 14. b4 Bxe5
15. dxe5 Rd8 16. Qc3 Nd7 17. c5 bxc5 18. bxc5 Ba6 19. Rfd1 Ke7 20. Rd6 Rc8 21.
Rad1 Rhd8 22. Be4 Be2 23. R1d2 Bxf3 24. gxf3 Qb7 25. Rb2 Qa6 26. f4 f5 27. Bf3
Qa4 28. Rd4 Qxd4 29. Qxd4 1-0

[Event "Transcontinental 2-A"]
[Site "Montreal CAN"]
[Date "2010.02.07"]
[Round "4"]
[White "Gagnon, Serge"]
[Black "Dumont, Felix"]
[Result "0-1"]
[WhiteElo "1945"]
[BlackElo "1905"]
[PlyCount "82"]
[EventDate "2010.02.05"]
[EventType "tourn"]
[EventRounds "5"]
[EventCountry "CAN"]

1. d4 Nf6 2. c4 g6 3. Nc3 Bg7 4. e4 d6 5. Nf3 O-O 6. Be2 e5 7. O-O Nc6 8. d5
Ne7 9. Ne1 Nd7 10. Be3 f5 11. f3 f4 12. Bf2 g5 13. g4 fxg3 14. hxg3 Ng6 15. Nd3
Nf6 16. Kg2 Rf7 17. Be3 h6 18. c5 Kh7 19. Rh1 Ne8 20. cxd6 cxd6 21. Rh2 Bf8 22.
Qd2 Kg8 23. Rah1 Qf6 24. Ne1 Bd7 25. b4 Bg7 26. a4 Nf4+ 27. Kg1 Nxe2+ 28. Rxe2
Qg6 29. g4 Qf6 30. a5 Qd8 31. Qa2 b6 32. Rc2 Nf6 33. Ne2 Bxg4 34. fxg4 Nxg4 35.
Ng2 Qf6 36. Ng3 Qf3 37. Rf2 Qxg3 38. Rxf7 Kxf7 39. Bc1 Rc8 40. Ba3 Rc3 41. axb6
Rxa3 0-1